000
00246nam a22000977a 4500
008
160506b xxu||||| |||| 00| 0 eng d
041
_a
eng
080
_a
61
245
_a
Textbook of medice:
_c
Paul B.Beeson M.D; Walsh MeDermott M.D;
942
_2
udc
_c
BK
999
_c
1874
_d
1874